000 00627nam a22002057a 4500
008 151007b xxu||||| |||| 00| 0 eng d
020 _a9780321460844
020 _a0321460847
080 _a510
100 1 _aLong, Calvin T.
245 1 0 _aMathematical reasoning for elementary teachers.
250 _a5th ed. /
_bCalvin T. Long, Duane W. DeTemple, Richard S. Millman.
260 _aBoston :
_bPearson Addison Wesley,
_c2009.
300 _a1 v. (various pagings) :
_bme il.;
_c27 cm.
650 0 _aMatematikë
650 0 _aElementare
700 1 _aDeTemple, Duane W.
700 1 _aMillman, Richard S.,
942 _2udc
_cBK
999 _c1232
_d1232